Statistics for Countries with the Lowest Obesity Rate

Click here to take the quiz!

General Stats

  • This quiz has been taken 14,533 times
  • The average score is 11 of 21

Answer Stats

% Country % Correct
4.3Japan
84%
3.9India
77%
2.1Vietnam
71%
5.3Laos
68%
4.7South Korea
68%
3.9Cambodia
66%
4.5Ethiopia
66%
3.6Bangladesh
63%
4.1Nepal
62%
5.5Niger
61%
5.8Myanmar
59%
5.2Sri Lanka
49%
5.5Afghanistan
46%
5.0Eritrea
45%
5.8Rwanda
45%
5.3Uganda
44%
5.4Burundi
37%
5.8Malawi
36%
5.3Madagascar
33%
3.8East Timor
33%
5.6Burkina Faso
25%

Score Distribution

Percentile by Number Answered

Percent of People with Each Score

Your Score History

You have not taken this quiz